Aspectos del desarollo socio-económico y político de Guatemala 1868-1885 en base a materiales de archivos alemanes /
Gardado en:
| Autor Principal: | |
|---|---|
| Formato: | Texto |
| Etiquetas: |
Engadir etiqueta
Sen Etiquetas, Sexa o primeiro en etiquetar este rexistro!
|
MARC
| LEADER | 00000 a a2200000 04500 | ||
|---|---|---|---|
| 001 | 45385 | ||
| 003 | |||
| 040 | |||
| 090 | |a REV0780 (3)1977 | ||
| 100 | |a Cambranes, J. C. | ||
| 245 | |a Aspectos del desarollo socio-económico y político de Guatemala 1868-1885 en base a materiales de archivos alemanes / |c J. C. Cambranes | ||
| 773 | |g número3, II Epoca, (Enero - Junio, 1977), páginas 7-14 | ||
| 999 | |c 29179 |d 29179 | ||
